000 00789nam a2200253Ia 4500
003 OSt
005 20220930072102.0
006 a|||||r|||| 00| 0
007 ta
008 220926b |||||||| |||| 00| 0 hin d
024 _a18915
037 _cTheses
040 _aCRL
_cCRL
_bhin
041 _2hin
_ahin
100 _aJain Pushp Chander
_9529381
110 _aUniversity of Delhi. Faculty of Arts. Department of Hindi
245 0 _aMaithlisharan Gupt ke kavya ki bhasha ka bhasha vaigyanik adhyan
260 _c1969
650 _aHINDI LITERATURE
_923866
700 _a Dr. Bhola Nath Tiwary Gu.
_9529382
700 _aUniversity of Delhi. Faculty of Arts. Department of Hindi
942 _cDIS
_2CC
999 _c863350
_d863350